000 00321nam a22001337a 4500
020 _a978-93-5304-025-3
082 _a001
_bO'BRI/G
100 _aDEREK O'BRIENTHE
245 _a GENERAL KNOWLEDGE QUIZ BOOK
260 _aDELHI
_bRUPA PUBLICATIONS
_c2018
300 _a170
650 _aGENERAL KNOWLEDGE
_zINDIA
942 _cBK
999 _c6523
_d6523